000 00204 a2200109 4500
001 44120
040 _cAnchieta - Aquarius
240 1 0 _aToquinho
_l
245 1 0 _aToquinho
650 4 _aMúsica
942 _cMU
999 _c44120
_d44120